Генерирование дешевой электроэнергии

Bibliografiske detaljer
Hovedforfatter: Ручкин В. А. Валентин Александрович
Summary:В данной брошюре рассмотрен класс невзаимных электромагнитных систем, в которых нагрузка, подключенная к выходу электрогенератора, не оказывает тормозящего влияния на входной вал генератора, то есть мощность, подводимая к валу генератора, затрачивается только на преодоление сил трения. Издание предназначено для научных работников, инженеров, аспирантов и студентов электротехнических специальностей.
Sprog:russisk
Udgivet: Киев, Знания Украины, 2014
Serier:Фундаментальная наука
Fag:
Format: MixedMaterials Bog
KOHA link:https://koha.lib.tpu.ru/cgi-bin/koha/opac-detail.pl?biblionumber=260245

MARC

LEADER 00000nam0a2200000 4500
001 260245
005 20231101233448.0
010 |a 9789663163468 
035 |a (RuTPU)RU\TPU\book\283193 
090 |a 260245 
100 |a 20140514d2014 k y0rusy50 ca 
101 0 |a rus 
102 |a UA 
105 |a a z 001zy 
200 1 |a Генерирование дешевой электроэнергии  |f В. А. Ручкин 
210 |a Киев  |c Знания Украины  |d 2014 
215 |a 20 с.  |c ил. 
225 1 |a Фундаментальная наука 
320 |a Библиогр.: с. 18. 
330 |a В данной брошюре рассмотрен класс невзаимных электромагнитных систем, в которых нагрузка, подключенная к выходу электрогенератора, не оказывает тормозящего влияния на входной вал генератора, то есть мощность, подводимая к валу генератора, затрачивается только на преодоление сил трения. Издание предназначено для научных работников, инженеров, аспирантов и студентов электротехнических специальностей. 
606 1 |a Генераторы  |x В целом  |2 stltpush  |3 (RuTPU)RU\TPU\subj\5673  |9 33684 
610 1 |a электромагнитные системы 
610 1 |a электрогенераторы 
610 1 |a электрические машины 
610 1 |a режимы работы 
610 1 |a активная нагрузка 
610 1 |a преобразование 
610 1 |a реактивная нагрузка 
610 1 |a электрический ток 
610 1 |a силовое действие 
675 |a 621.313.12  |v 3 
700 1 |a Ручкин  |b В. А.  |g Валентин Александрович 
801 1 |a RU  |b 63413507  |c 20140514 
801 2 |a RU  |b 63413507  |c 20140523  |g RCR 
942 |c BK